000
00365nam a2200133Ia 4500
003
GCL
008
140319s9999 xx 000 0 ara d
040
_a
GCL /
_c
GCL
082
0
4
_a
346.04
_b
م م
245
1
0
_a
منازعات الحيازة: مشكلاتها الهامة
260
_a
[S.N] :
_b
مؤسسة روزاليوسف ،
_c
1984
300
_a
147 ص
490
_a
999
_c
46855
_d
46855